[Event "Lidkoping op"]
[Site "Lidkoping"]
[Date "2019.08.25"]
[Round "7"]
[White "Svedberg, Hans"]
[Black "Karlsson, Roger"]
[Result "1-0"]
[WhiteElo "2008"]
[BlackElo "1892"]
[PlyCount "52"]
[EventDate "2019.08.24"]
[EventType "swiss"]
[EventRounds "7"]
[EventCountry "SWE"]
[SourceTitle "EXT 2020"]
[Source "ChessBase"]
[SourceDate "2019.10.17"]
[SourceVersion "1"]
[SourceVersionDate "2019.10.17"]
[SourceQuality "1"]

1. e4 c6 2. d4 d5 3. e5 Bf5 4. Nf3 e6 5. Be2 c5 6. 0-0 Nc6 7. Be3 Qb6 8. Nc3 c4 9. b3 cxb3 10. axb3 Rc8 11. Na4 Qd8 12. c4 Bb4 13. cxd5 exd5 14. Rc1 Nge7 15. Nh4 0-0 16. f4 Be4 17. f5 Qd7 18. f6 Nf5 19. Nxf5 Bxf5 20. Rxf5 Qxf5 21. Bd3 Qe6 22. Qh5 h6 23. Bf5 Qe8 24. fxg7 f6 25. Qxh6 Bd6 26. e6 Bb4 1-0

[Event "Vaxjo op"]
[Site "Vaxjo"]
[Date "2015.02.13"]
[Round "3"]
[White "Brynell, Stellan"]
[Black "Karlsson, Roger"]
[Result "1-0"]
[WhiteElo "2452"]
[BlackElo "1921"]
[PlyCount "93"]
[EventDate "2015.02.13"]
[EventType "swiss"]
[EventRounds "8"]
[EventCountry "SWE"]
[SourceTitle "CBM 164 Extra"]
[Source "ChessBase"]
[SourceDate "2015.03.02"]
[SourceVersion "1"]
[SourceVersionDate "2015.03.02"]
[SourceQuality "1"]

1. e4 c6 2. d4 d5 3. exd5 cxd5 4. c4 Nf6 5. Nc3 dxc4 6. Bxc4 e6 7. Nf3 Nc6 8. 0-0 Be7 9. a3 a6 10. Ba2 0-0 11. Bg5 h6 12. Be3 b5 13. Qd3 b4 14. Na4 Bb7 15. Rfd1 Qa5 16. Nc5 Bxc5 17. dxc5 Rfd8 18. Qe2 Qc7 19. h3 a5 20. Bc4 Rxd1+ 21. Rxd1 Rd8 22. Rxd8+ Qxd8 23. axb4 Nxb4 24. Ne5 Nfd5 25. Bd2 Qc7 26. Bxb4 axb4 27. Bxd5 Bxd5 28. Qe3 b3 29. f3 Qa7 30. Qc3 f6 31. Nd3 Kf7 32. Kf2 Bc6 33. Qxb3 Qa5 34. Qb4 Qa6 35. Qd4 Qa5 36. Nb4 Qb5 37. Nxc6 Qxc6 38. Qc4 Ke7 39. b4 Qa4 40. c6 Qa7+ 41. Ke2 Qc7 42. Qc5+ Kf7 43. b5 Qa5 44. c7 Qa2+ 45. Ke3 Qb3+ 46. Kf2 Qc2+ 47. Qxc2 1-0

[Event "SWE-chT 0910"]
[Site "Sweden"]
[Date "2010.01.16"]
[Round "6"]
[White "Cramling, Dan"]
[Black "Karlsson, Roger"]
[Result "1-0"]
[WhiteElo "2408"]
[BlackElo "1917"]
[PlyCount "57"]
[EventDate "2009.10.16"]
[EventType "team"]
[EventRounds "11"]
[EventCountry "SWE"]
[SourceTitle "EXT 2011"]
[Source "ChessBase"]
[SourceDate "2010.11.26"]
[SourceVersion "1"]
[SourceVersionDate "2010.11.26"]
[SourceQuality "1"]
[WhiteTeam "Viking"]
[BlackTeam "Eksjo"]
[WhiteTeamCountry "SWE"]
[BlackTeamCountry "SWE"]

1. d4 d5 2. Nf3 Nf6 3. c4 e6 4. Nc3 c6 5. Bg5 Nbd7 6. cxd5 exd5 7. e3 Qa5 8. Bd3 Ne4 9. 0-0 Ndf6 10. Qc2 Nxg5 11. Nxg5 h6 12. Nf3 Bd6 13. Ne5 0-0 14. f4 Re8 15. h3 Bb4 16. Ne2 Ne4 17. Bxe4 dxe4 18. f5 Rxe5 19. dxe5 Qxe5 20. Nd4 Bd6 21. Rf4 Qd5 22. Rxe4 Bd7 23. Rd1 Bf8 24. Nf3 Bxf5 25. Rxd5 cxd5 26. Re8 Bxc2 27. Rxa8 f6 28. Nd4 Bd3 29. Ne6 1-0

[Event "SWE-chT 0910"]
[Site "Sweden"]
[Date "2009.12.05"]
[Round "5"]
[White "Karlsson, Roger"]
[Black "Lund, Silas Esben"]
[Result "0-1"]
[WhiteElo "1917"]
[BlackElo "2392"]
[PlyCount "86"]
[EventDate "2009.10.16"]
[EventType "team"]
[EventRounds "11"]
[EventCountry "SWE"]
[SourceTitle "EXT 2011"]
[Source "ChessBase"]
[SourceDate "2010.11.26"]
[SourceVersion "1"]
[SourceVersionDate "2010.11.26"]
[SourceQuality "1"]
[WhiteTeam "Eksjo"]
[BlackTeam "Lunds"]
[WhiteTeamCountry "SWE"]
[BlackTeamCountry "SWE"]

1. e4 e5 2. Nc3 Nf6 3. Nf3 Nc6 4. Bb5 Bd6 5. d3 h6 6. 0-0 0-0 7. h3 a6 8. Ba4 Re8 9. Be3 b5 10. Bb3 Bb7 11. Nh2 Nd4 12. Ne2 c5 13. Ng4 Nxg4 14. hxg4 Nxb3 15. axb3 Bf8 16. c4 b4 17. g3 a5 18. f4 exf4 19. Nxf4 Bd6 20. Qf3 Qe7 21. Rf2 Be5 22. Nd5 Bxd5 23. cxd5 f6 24. Rc2 d6 25. Ra4 Qd7 26. Kg2 Ra7 27. Qf5 Qb5 28. Qf1 Rae7 29. Qe2 Ra8 30. Qd2 Kh7 31. Rc1 Qd7 32. Qe2 Qb5 33. Rca1 Bxb2 34. Qxb2 Qxd3 35. Qf2 Qxe4+ 36. Qf3 Qxe3 37. Rxa5 Qxf3+ 38. Kxf3 Rae8 39. Rb1 Re3+ 40. Kf2 Re2+ 41. Kf1 Rh2 42. Kg1 Rd2 43. Rba1 Re3 0-1

[Event "IECC KO email"]
[Site "IECC email"]
[Date "2003.05.27"]
[Round "?"]
[White "Hausgaard, Olaf"]
[Black "Karlsson, Roger"]
[Result "0-1"]
[WhiteElo "1096"]
[BlackElo "1213"]
[PlyCount "56"]
[EventDate "2003.??.??"]
[EventType "tourn (corr)"]
[EventRounds "6"]
[SourceTitle "Corr 2008"]
[Source "ChessBase"]
[SourceDate "2008.06.24"]
[SourceVersion "1"]
[SourceVersionDate "2008.06.24"]
[SourceQuality "1"]

1. e4 e5 2. Bc4 Nf6 3. d3 Nc6 4. Nc3 Bb4 5. Nge2 Nd4 6. 0-0 d6 7. a3 Bc5 8. b4 Nxe2+ 9. Nxe2 Bd4 10. c3 Bb6 11. a4 a5 12. b5 0-0 13. Bg5 h6 14. Bh4 g5 15. Bg3 c6 16. bxc6 bxc6 17. Qb3 Bg4 18. d4 Nxe4 19. dxe5 Nd2 20. Qa2 Nxf1 21. Rxf1 d5 22. Bd3 h5 23. h3 Bd7 24. Qd2 f5 25. exf6 Qxf6 26. c4 h4 27. Bh2 Bxf2+ 28. Kh1 Be3 0-1

[Event "IECC M email"]
[Site "IECC email"]
[Date "2003.04.30"]
[Round "?"]
[White "Benum, Sharon"]
[Black "Karlsson, Roger"]
[Result "0-1"]
[WhiteElo "1011"]
[BlackElo "1131"]
[PlyCount "68"]
[EventDate "2003.??.??"]
[EventType "tourn (corr)"]
[EventRounds "6"]
[SourceTitle "Corr 2008"]
[Source "ChessBase"]
[SourceDate "2008.06.24"]
[SourceVersion "1"]
[SourceVersionDate "2008.06.24"]
[SourceQuality "1"]

1. d4 e6 2. e4 d5 3. Nc3 Bb4 4. Bd2 dxe4 5. a3 Bxc3 6. Bxc3 Nf6 7. Ne2 0-0 8. Ng3 Nc6 9. Bb5 Qd5 10. Bxc6 Qxc6 11. 0-0 Rd8 12. Be1 e5 13. Bc3 exd4 14. Bxd4 Bg4 15. Qd2 Qa4 16. c3 c5 17. h3 cxd4 18. hxg4 dxc3 19. Qxc3 Rd3 20. Qe5 Re8 21. Qc7 Nxg4 22. Qf4 Nf6 23. Rfe1 Qd4 24. Ne2 Qxb2 25. Qc1 Qxc1 26. Nxc1 Rd5 27. Ne2 e3 28. f3 Rd2 29. Rac1 Nd5 30. Kf1 f5 31. Red1 f4 32. Ke1 Rd8 33. Rxd2 exd2+ 34. Kxd2 Nb4+ 0-1

[Event "IECC M email"]
[Site "IECC email"]
[Date "2003.04.30"]
[Round "?"]
[White "Karlsson, Roger"]
[Black "Benum, Sharon"]
[Result "1-0"]
[WhiteElo "1066"]
[BlackElo "1025"]
[PlyCount "47"]
[EventDate "2003.??.??"]
[EventType "tourn (corr)"]
[EventRounds "6"]
[SourceTitle "Corr 2008"]
[Source "ChessBase"]
[SourceDate "2008.06.24"]
[SourceVersion "1"]
[SourceVersionDate "2008.06.24"]
[SourceQuality "1"]

1. e4 c6 2. d4 d5 3. Nc3 dxe4 4. Nxe4 Bf5 5. Bd3 Bxe4 6. Bxe4 Nf6 7. Bd3 Nbd7 8. Nf3 e6 9. 0-0 Bd6 10. h3 0-0 11. c4 c5 12. Bg5 Qc7 13. dxc5 Bxc5 14. Qc2 h6 15. Bxf6 Nxf6 16. a3 a5 17. Rfe1 Bd6 18. Rad1 b5 19. cxb5 Qxc2 20. Bxc2 Nd5 21. Bb3 Rfd8 22. Nd4 Nb6 23. Nc6 Bf4 24. Rxd8+ 1-0

[Event "IECC CL8-2003.08 email"]
[Site "IECC email"]
[Date "2003.04.14"]
[Round "?"]
[White "Karlsson, Roger"]
[Black "Ralls, Becky"]
[Result "1-0"]
[WhiteElo "1100"]
[BlackElo "1033"]
[PlyCount "77"]
[EventDate "2003.??.??"]
[EventType "tourn (corr)"]
[EventRounds "4"]
[SourceTitle "Corr 2008"]
[Source "ChessBase"]
[SourceDate "2008.06.24"]
[SourceVersion "1"]
[SourceVersionDate "2008.06.24"]
[SourceQuality "1"]

1. e4 e5 2. Nf3 Nc6 3. Bc4 Nf6 4. Nc3 Nxe4 5. Bxf7+ Kxf7 6. Nxe5+ Nxe5 7. Qh5+ g6 8. Qxe5 Nf6 9. 0-0 d6 10. Qe3 d5 11. d4 Bd6 12. h3 c6 13. Qh6 Qb6 14. Qh4 Bf5 15. Bg5 Ng8 16. Na4 Qa5 17. Nc5 Qc7 18. c4 dxc4 19. Rae1 Bf8 20. g4 Bd3 21. Re3 Re8 22. Rxe8 Kxe8 23. Re1+ Be7 24. Bxe7 Nxe7 25. Ne6 Qd6 26. Qf6 Rg8 27. Ng7+ Kd7 28. Re6 Qd5 29. Rxe7+ Kc8 30. Ne6 Bf1 31. f3 Qd6 32. Kxf1 Qh2 33. Nf8 Qxh3+ 34. Ke2 Qg2+ 35. Ke3 Qg1+ 36. Ke2 Qg2+ 37. Kd1 Qg1+ 38. Kc2 Qf2+ 39. Kc3 1-0

[Event "IECC CL8-2003.05 email"]
[Site "IECC email"]
[Date "2003.03.16"]
[Round "?"]
[White "Grillo, Vince"]
[Black "Karlsson, Roger"]
[Result "0-1"]
[WhiteElo "989"]
[BlackElo "1013"]
[PlyCount "50"]
[EventDate "2003.??.??"]
[EventType "tourn (corr)"]
[EventRounds "4"]
[SourceTitle "Corr 2008"]
[Source "ChessBase"]
[SourceDate "2008.06.24"]
[SourceVersion "1"]
[SourceVersionDate "2008.06.24"]
[SourceQuality "1"]

1. d4 d5 2. Bf4 c5 3. dxc5 Nc6 4. e3 e5 5. Bg3 Bxc5 6. Bb5 Qa5+ 7. Nc3 Nge7 8. Bxe5 0-0 9. Bxc6 Nxc6 10. Bf4 d4 11. exd4 Nxd4 12. Nge2 Re8 13. 0-0 Nxe2+ 14. Nxe2 Bg4 15. Re1 Rad8 16. Bd2 Rxd2 17. Qc1 Rdxe2 18. Rxe2 Rxe2 19. c3 Bxf2+ 20. Kh1 Bg3 21. hxg3 Qh5+ 22. Kg1 Qc5+ 23. Kh2 Bf3 24. Qf4 Qh5+ 25. Qh4 Rxg2+ 0-1

[Event "IECC CL8-2003.05 email"]
[Site "IECC email"]
[Date "2003.03.16"]
[Round "?"]
[White "Williams, John R"]
[Black "Karlsson, Roger"]
[Result "0-1"]
[WhiteElo "975"]
[BlackElo "968"]
[PlyCount "28"]
[EventDate "2003.??.??"]
[EventType "tourn (corr)"]
[EventRounds "4"]
[SourceTitle "Corr 2008"]
[Source "ChessBase"]
[SourceDate "2008.06.24"]
[SourceVersion "1"]
[SourceVersionDate "2008.06.24"]
[SourceQuality "1"]

1. e4 c5 2. Na3 Nc6 3. Nf3 e6 4. Bd3 d5 5. 0-0 Bd6 6. c4 Nf6 7. cxd5 exd5 8. Bb5 dxe4 9. Qe1 0-0 10. Ng5 Bxh2+ 11. Kxh2 Qd6+ 12. g3 Ng4+ 13. Kg1 Qh6 14. Bxc6 Qh2# 0-1

[Event "IECC CL8-2003.03 email"]
[Site "IECC email"]
[Date "2003.02.18"]
[Round "?"]
[White "Richards, James"]
[Black "Karlsson, Roger"]
[Result "0-1"]
[WhiteElo "1000"]
[BlackElo "810"]
[PlyCount "52"]
[EventDate "2003.??.??"]
[EventType "tourn (corr)"]
[EventRounds "4"]
[SourceTitle "Corr 2008"]
[Source "ChessBase"]
[SourceDate "2008.06.24"]
[SourceVersion "1"]
[SourceVersionDate "2008.06.24"]
[SourceQuality "1"]

1. d4 Nf6 2. c4 g6 3. Nc3 Bg7 4. Nf3 0-0 5. e3 d5 6. Qc2 Bf5 7. Bd3 Bxd3 8. Qxd3 Nc6 9. 0-0 e6 10. cxd5 exd5 11. Bd2 Qd6 12. Rfc1 a6 13. a3 Rfe8 14. Na4 Ne4 15. b4 Nxd2 16. Nxd2 b6 17. Rc2 Re7 18. Rac1 Nd8 19. Nb2 b5 20. Nb3 Ne6 21. Rc6 Qd7 22. a4 f5 23. axb5 axb5 24. Qxb5 f4 25. Nc5 Nxc5 26. R1xc5 Ra1+ 0-1

[Event "IECC Swiss email"]
[Site "IECC email"]
[Date "2003.02.07"]
[Round "?"]
[White "Bladyko, Pawel"]
[Black "Karlsson, Roger"]
[Result "1-0"]
[WhiteElo "1543"]
[BlackElo "739"]
[PlyCount "53"]
[EventDate "2003.??.??"]
[EventType "tourn (corr)"]
[EventRounds "6"]
[SourceTitle "Corr 2008"]
[Source "ChessBase"]
[SourceDate "2008.06.24"]
[SourceVersion "1"]
[SourceVersionDate "2008.06.24"]
[SourceQuality "1"]

1. e4 c5 2. Nf3 d6 3. d4 cxd4 4. Nxd4 Nf6 5. Nc3 g6 6. Be3 Bg7 7. Be2 0-0 8. 0-0 Bd7 9. f4 e5 10. fxe5 dxe5 11. Ndb5 Bxb5 12. Nxb5 Nc6 13. Qxd8 Rfxd8 14. Bg5 Bf8 15. Bxf6 Rd2 16. Bd3 Bg7 17. Bg5 Rxd3 18. cxd3 h6 19. Bf6 a6 20. Nd6 Bxf6 21. Rxf6 Kg7 22. Rxf7+ Kg8 23. Raf1 Nd4 24. R1f6 Kh8 25. Rxg6 a5 26. Nf5 Nxf5 27. exf5 1-0

[Event "IECC M email"]
[Site "IECC email"]
[Date "2001.06.12"]
[Round "?"]
[White "Karlsson, Roger"]
[Black "Larham, Ron"]
[Result "1-0"]
[WhiteElo "1013"]
[BlackElo "1030"]
[PlyCount "73"]
[EventDate "2001.??.??"]
[EventType "tourn (corr)"]
[EventRounds "6"]
[SourceTitle "Corr 2008"]
[Source "ChessBase"]
[SourceDate "2008.06.24"]
[SourceVersion "1"]
[SourceVersionDate "2008.06.24"]
[SourceQuality "1"]

1. e4 e5 2. Nf3 Nc6 3. Bc4 Bc5 4. c3 Nf6 5. d4 Bd6 6. d5 Na5 7. Qd3 0-0 8. b4 Nxc4 9. Qxc4 c6 10. Bg5 b5 11. Qe2 Bb7 12. Na3 a6 13. dxc6 dxc6 14. Rd1 Qe7 15. 0-0 h6 16. Bh4 Qe6 17. h3 g5 18. Nxg5 hxg5 19. Bxg5 Nh7 20. Qh5 Bc7 21. Rd3 Qg6 22. Qxg6+ fxg6 23. Be7 Rf4 24. Rd2 Rxe4 25. Rd7 Rc8 26. Rfd1 Re2 27. Bd6 Bxd6 28. R1xd6 Rxa2 29. Rxg6+ Kh8 30. Nxb5 axb5 31. Rxb7 Rf8 32. Rgg7 Nf6 33. g4 Raa8 34. g5 Ne8 35. Rh7+ Kg8 36. g6 Nf6 37. Rbg7# 1-0

[Event "IECC KO email"]
[Site "IECC email"]
[Date "2001.05.31"]
[Round "?"]
[White "Karlsson, Roger"]
[Black "Jaquay, David"]
[Result "1-0"]
[WhiteElo "995"]
[BlackElo "1057"]
[PlyCount "39"]
[EventDate "2001.??.??"]
[EventType "tourn (corr)"]
[EventRounds "6"]
[SourceTitle "Corr 2008"]
[Source "ChessBase"]
[SourceDate "2008.06.24"]
[SourceVersion "1"]
[SourceVersionDate "2008.06.24"]
[SourceQuality "1"]

1. e4 e5 2. Nf3 Nc6 3. Bc4 Bc5 4. c3 Nf6 5. d4 exd4 6. cxd4 Bb4+ 7. Nc3 Nxe4 8. 0-0 Bxc3 9. bxc3 0-0 10. d5 Nd6 11. dxc6 Nxc4 12. Qd4 Nd6 13. cxb7 Bxb7 14. Qg4 Bxf3 15. gxf3 Qf6 16. Re1 Rae8 17. Rxe8 Rxe8 18. Rb1 Re1+ 19. Kg2 Nf5 20. Rb8+ 1-0

[Event "IECC CL8-2001.10"]
[Site "IECC email"]
[Date "2001.05.09"]
[Round "?"]
[White "Larham, Ron"]
[Black "Karlsson, Roger"]
[Result "1-0"]
[WhiteElo "1014"]
[BlackElo "1086"]
[PlyCount "85"]
[EventDate "2001.??.??"]
[EventType "tourn (corr)"]
[EventRounds "4"]
[SourceTitle "Corr 2008"]
[Source "ChessBase"]
[SourceDate "2008.06.24"]
[SourceVersion "1"]
[SourceVersionDate "2008.06.24"]
[SourceQuality "1"]

1. d4 Nf6 2. c4 e6 3. g3 Bb4+ 4. Bd2 Bxd2+ 5. Qxd2 d5 6. e3 0-0 7. b3 Ne4 8. Qc2 Qf6 9. f3 Ng5 10. Qf2 Re8 11. h4 Qh6 12. Bg2 Nc6 13. hxg5 Qxg5 14. f4 Qg6 15. a3 Qd3 16. Nd2 b6 17. Rc1 Na5 18. Bf1 Qg6 19. Qf3 Bb7 20. Qh5 dxc4 21. Qxg6 fxg6 22. Rh2 cxb3 23. Rb1 c5 24. Nxb3 Nxb3 25. Rxb3 Bd5 26. Rd3 c4 27. Rc3 b5 28. Bg2 a5 29. e4 b4 30. Rc1 Bb7 31. Rxc4 bxa3 32. Bf3 a4 33. Ra2 Bd5 34. exd5 exd5+ 35. Kd2 dxc4 36. Bxa8 Rxa8 37. Rxa3 Kf7 38. Kc3 Ke6 39. Kxc4 Kd6 40. Ne2 Re8 41. Nc3 Re3 42. Nb5+ Ke6 43. Rxe3+ 1-0

[Event "IECC KO email"]
[Site "IECC email"]
[Date "2001.04.26"]
[Round "?"]
[White "Karlsson, Roger"]
[Black "Gumminger, Fred"]
[Result "1-0"]
[WhiteElo "1016"]
[BlackElo "993"]
[PlyCount "89"]
[EventDate "2001.??.??"]
[EventType "tourn (corr)"]
[EventRounds "6"]
[SourceTitle "Corr 2008"]
[Source "ChessBase"]
[SourceDate "2008.06.24"]
[SourceVersion "1"]
[SourceVersionDate "2008.06.24"]
[SourceQuality "1"]

1. e4 c6 2. c4 d5 3. Nc3 dxe4 4. Nxe4 Bf5 5. Ng3 Bg6 6. Nf3 Bd3 7. Bxd3 Qxd3 8. Qe2 Qd8 9. d4 e6 10. 0-0 Nf6 11. Bg5 Nbd7 12. Rad1 Qb6 13. Ne5 c5 14. Nxd7 Nxd7 15. d5 h6 16. dxe6 Qxe6 17. Qxe6+ fxe6 18. Bf4 0-0-0 19. Bd6 Bxd6 20. Rxd6 Ne5 21. Rxe6 Nxc4 22. b3 Na3 23. Nf5 Rd7 24. Re7 Rhd8 25. Rxd7 Rxd7 26. Re1 Nc2 27. Rc1 b6 28. f4 Kb7 29. Rxc2 Rd1+ 30. Kf2 Rh1 31. Nxg7 Rxh2 32. Re2 Rh4 33. f5 c4 34. bxc4 Rf4+ 35. Kg3 Rxc4 36. f6 Rc8 37. Ne6 a5 38. f7 b5 39. f8Q Rxf8 40. Nxf8 b4 41. Re5 Kb6 42. Kh4 a4 43. g4 b3 44. a3 b2 45. Re1 1-0

[Event "IECC CL8-2001.08"]
[Site "IECC email"]
[Date "2001.04.23"]
[Round "?"]
[White "Karlsson, Roger"]
[Black "Dockery, Donovan"]
[Result "0-1"]
[WhiteElo "977"]
[BlackElo "931"]
[PlyCount "56"]
[EventDate "2001.??.??"]
[EventType "tourn (corr)"]
[EventRounds "4"]
[SourceTitle "Corr 2008"]
[Source "ChessBase"]
[SourceDate "2008.06.24"]
[SourceVersion "1"]
[SourceVersionDate "2008.06.24"]
[SourceQuality "1"]

1. e4 c6 2. d4 d5 3. e5 g6 4. Bd3 Bg7 5. Nf3 Bg4 6. h3 Bxf3 7. Qxf3 e6 8. Nc3 Nh6 9. 0-0 Nf5 10. Be3 0-0 11. Bxf5 gxf5 12. a4 Nd7 13. b4 Nb6 14. Qg3 Kh8 15. a5 Nc4 16. Bf4 Qe7 17. Rfb1 Rg8 18. Qd3 b5 19. Rb3 Qh4 20. Ne2 Bh6 21. Bxh6 Qxh6 22. Nf4 Qxf4 23. g3 Qh6 24. Kg2 f4 25. Rf1 Ne3+ 26. fxe3 Rxg3+ 27. Kf2 Qxh3 28. Ke1 Rxe3+ 0-1

[Event "IECC CL8-2001.05"]
[Site "IECC email"]
[Date "2001.03.19"]
[Round "?"]
[White "Karlsson, Roger"]
[Black "Worthington, Craig"]
[Result "1-0"]
[WhiteElo "972"]
[BlackElo "984"]
[PlyCount "40"]
[EventDate "2001.??.??"]
[EventType "tourn (corr)"]
[EventRounds "4"]
[SourceTitle "Corr 2008"]
[Source "ChessBase"]
[SourceDate "2008.06.24"]
[SourceVersion "1"]
[SourceVersionDate "2008.06.24"]
[SourceQuality "1"]

1. e4 h5 2. d4 Nc6 3. Nf3 e5 4. d5 Nce7 5. Nxe5 Nc6 6. dxc6 bxc6 7. Nxf7 Qe7 8. Nxh8 Qf6 9. Qxh5+ Ke7 10. Bg5 g6 11. Bxf6+ Kxf6 12. Qxg6+ Ke5 13. Nf7+ Kd4 14. Qxg8 Bb7 15. c3+ Kc5 16. b4+ Kb6 17. Qg5 Ba6 18. Qa5+ Kb7 19. Bxa6+ Kb8 20. b5 cxb5 1-0